Countries of South America Quiz Stats

 Plays Quiz Updated May 30, 2018

Score 0/12 Timer 05:00
136 Plays Today
% Correct
Brazil
99.1%
Chile
97.5%
Argentina
97%
Peru
91.6%
Paraguay
89.1%
Uruguay
88.2%
Colombia
87.6%
Venezuela
84%
Bolivia
83.3%
Ecuador
80.8%
Guyana
69%
Suriname
67.2%

You're not logged in!

Compare scores with friends on all Sporcle quizzes.
OR
Log In

Show Comments

Extras

Top Quizzes Today


Score Distribution

Your Account Isn't Verified!

In order to create a playlist on Sporcle, you need to verify the email address you used during registration. Go to your Sporcle Settings to finish the process.

Report this User

Report this user for behavior that violates our Community Guidelines.

Details: